00298nam a2200121Ia 4500008004100000041000800041082001500049100001900064245001500083260003400098300003300132365001100165240624s9999 xx 000 0 und d aeng a658.84 KUL aKULKARNI PARAG aE BUSINESS c2012aNew DelhibOxford India axviii, : 452 : p. : cm. ; 24 cRSb31